Presidential Nominees that got Cheated - Statistics

General Stats
  • This quiz has been taken 49 times
  • The average score is 4 of 5
Answer Stats
Hint Answer % Correct
2016 Hilary Clinton
100%
2000 Al Gore
91%
1824 Andrew Jackson
66%
1888 Grover Cleveland
48%
1876 Samuel Tilden
48%
No matching quizzes found
Score Distribution
Percent of People with Each Score
Percentile by Number Answered
Your Score History
You have not taken this quiz